| 000 -LEADER |
| fixed length control field |
00450cam a22001097a 4500 |
| 008 - FIXED-LENGTH DATA ELEMENTS--GENERAL INFORMATION |
| fixed length control field |
180718b1962 xxu||||| |||| 00| 0 eng d |
| 082 ## - DEWEY DECIMAL CLASSIFICATION NUMBER |
| Classification number |
O97x 5452 M267g |
| 245 ## - TITLE STATEMENT |
| Title |
Guide on family planning: a compendium of important orders and instrctions on family planning |
| Statement of responsibility, etc. |
by Education and Public Health Department |
| 260 ## - PUBLICATION, DISTRIBUTION, ETC. |
| Place of publication, distribution, etc. |
Madras |
| Name of publisher, distributor, etc. |
The Controller of Stationery and Printing |
| Date of publication, distribution, etc. |
1962 |
| 300 ## - PHYSICAL DESCRIPTION |
| Extent |
174p. |
| 700 ## - ADDED ENTRY--PERSONAL NAME |
| Personal name |
India. Education and Public Health Department |